| 000 | 00723nam a22002295a 4500 | ||
|---|---|---|---|
| 005 | 20171113101641.0 | ||
| 008 | 171111t2008 ilua frb 001 0 eng d | ||
| 020 | _a9780618568666 | ||
| 020 | _a0618568662 | ||
| 040 |
_aEG-ScBUE _beng _cEG-ScBUE |
||
| 082 | 0 | 4 |
_a807.1273 _bLIT _222 |
| 245 | 0 | 0 |
_aLiterature : _bAmerican literature / _cJanet Allen ... [et al.]. |
| 260 |
_aEvanston : _bMcDougal Littell, _c2008. |
||
| 300 |
_a1 v. (various pagings) : _bill. ; _c24 cm. |
||
| 504 | _aIncludes bibliographical references and index. | ||
| 650 | 7 |
_aLiterature _xStudy and teaching _2BUEsh _937313 |
|
| 650 | 7 |
_aReaders _2BUEsh |
|
| 651 | _2BUEsh | ||
| 653 |
_bHHUUEENN _cNovember2017 |
||
| 700 | 1 | _aAllen, Janet. | |
| 942 | _2ddc | ||
| 999 |
_c25567 _d25539 |
||